Statistiques concernant Le Meilleur Quizz de Rap Français

Cliquez ici pour prendre le quiz!

Statistiques générales

  • Ce quiz a été pris 380 fois
  • Le résultat moyen est 19 sur 92

Statistiques - réponses

HintRéponse% Correct
CELINE 3XGazo
84%
Mwaka Moon (feat Damso)Kalash
82%
Mr.OchoSDM
68%
MeudaTiako
65%
UrusFavé
64%
En espritHeuss l'enfoiré
62%
La terre est rondeOrelsan
61%
ExtasyZola
57%
444 nuitsNepal
49%
Fenêtre sur rueHugo TSR
41%
Gravé dans la rocheSniper
41%
Laisse pas traîner ton filsNTM
39%
Henny me noieHamza
38%
BizonKaaris
38%
DéconnectéPNL
38%
Petit frèreIAM
36%
Jeux vidéo et débatsNekfeu
36%
Ron Van CliefOsirus Jack
33%
Sosa (feat Leto)Guy2bezbar
32%
La sacem de Florent PagnyKalash Criminel
32%
GarçonLuther
32%
Bep BepSadek
31%
MexicoDA Uzi
29%
MistralSoso maness
28%
Lettre à la républiqueKery James
26%
Le bitume avec une plumeBooba
25%
Docteur Lulu (feat Osirus jack)Zuukou mayzie
25%
Avenue MontaigneMaes
24%
Le monde par ma fenêtreZamdane
23%
20.000 (feat Alpha Wann)Edge
22%
Tudo BemMister V
22%
BarceloneAlpha Wann
21%
Business (feat SCH)Bosh
21%
TestamentRohff
21%
PerplexeDamso
19%
RésidusVald
19%
CosmonauteDTF
18%
Mauvais (feat Ninho)GLK
18%
Rock with youJoke/Ateyaba
18%
SystèmeLuidji
18%
ANELKAJosman
17%
Pour ceuxMafia k'1 fry
17%
VivaStreetNiro
16%
Eh BoyBolémvn
15%
LRHFreeze Corleone
15%
CnnLesram
15%
Phoenix (feat Alpha Wann)Norsacce
15%
Sicario (feat Ninho)YL
15%
Pas l'temps pour les regretsLunatic
14%
JamaisGradur
13%
Cigarette 2 haineInfinit'
13%
SamuraïShurik'n
13%
Fleur d'automneDosseh
12%
J'suis loin (feat Vald)Jul
12%
MovieDoums
11%
6AMGreen Montana
11%
BlueKerchak
11%
TOPAZNeS
11%
L'enfant seulOxmo Puccino
11%
Boîte 6 40 kil13 Block
10%
Sur mon nomCaballero&JeanJass
10%
Pesos (feat 13 block)Cheu-B
10%
Le selPLK
10%
J'reviens de loinSCH
10%
TalentZiak
10%
HoneyKoba la D
9%
ALCHIMIELa Fève
9%
BMW BOYZBenjamin Epps
8%
RequiemLino
7%
Tchibili-TabalaNiska
7%
Qui t'as ditOR
7%
Dans ma chambreRK
6%
DystopiaS.Pri.Noir
6%
SophistiquéDinos
5%
Bruit de couloirLaylow
5%
BOORounhaa
5%
Kish Kush KashTK
5%
Cassius404Billy
4%
Clio & BerlineDeen Burbigo
4%
BBFPrince Waly
4%
GratitudeBB Jacques
3%
Croc aiguiséCaptaine Roshi
3%
Je glisseJeanJass
3%
Si tu savaisLeto
3%
Rob LucciSo la lune
3%
On traîneRémy
2%
Galeries LafayetteChanceko
1%
Laissez moiKekra
1%
3ème guerre mondialeNinho
1%
Jamais comme avantDMS
0%
BientôtGianni
0%
MédicamentLMB
0%

Distribution des résultats

Percentile par nombre de réponses

% des personnes avec chaque résultat

Votre développement - résultats

Vous n’avez pas pris ce quiz